Biblioteca

¿La democratización de la Iglesia? (Registro nro. 50696)

Detalles MARC
000 -LÍDER
Campo fijo de descripción fija 00916aab a2200217 4500
001 - NÚMERO DE CONTROL
Campo de control 768714001
003 - IDENTIFICADOR DEL NÚMERO DE CONTROL
Campo de control CO-MdFUSB
005 - FECHA Y HORA DE LA ULTIMA TRANSACCIÓN
control field 20240607091539.0
008 - ELEMENTOS DE LONGITUD FIJA -- INFORMACIÓN GENERAL
Campo fijo de descripción fija -- Información general 170510s1993 cr ||||| |||| 00| 0 spa d
022 ## - NÚMERO INTERNACIONAL NORMALIZADO PARA PUBLICACIONES SERIADAS
Número Internacional Normalizado para Publicaciones Seriadas 1409-1968
040 ## - FUENTE DE CATALOGACIÓN
Agencia Catalogadora CO-MdFUSB
Idioma de catalogación spa
Agencia que realiza la transcripción CO-MdFUSB
Agencia que realiza la modificación CO-MdFUSB
041 ## - CÓDIGO DE IDIOMA
Código de idioma para texto/pista de sonido o título separado spa
100 1# - ASIENTO PRINCIPAL--NOMBRE PERSONAL
Nombre personal Wittig, Randall M.
Término relacionador autor
245 10 - TÍTULO
Título ¿La democratización de la Iglesia?
Mención de responsabilidad / Randall M. Wittig
300 ## - DESCRIPCIÓN FÍSICA
Extensión Volumen 11. Número 2 (1993), páginas 6
Dimensiones : 27 cm.
520 ## - NOTA DE RESUMEN, ETC.
Nota de sumario, etc. El desarrollo de la democracia y de derrota de la las dictaduras en casi todo el continente ha avanzado mucho. Y el impacto conceptual del desarrollo democrático ha influido mucho en las mentes de las multitudes que afectan nuestras iglesias y ministerios.
650 #7 - ASIENTO SECUNDARIO DE MATERIA - TERMINO TEMÁTICO
Término temático o nombre geográfico como elemento de entrada Democracia
9 (RLIN) 123
773 0# - ASIENTO DE ITEM FUENTE
Título Apuntes Pastorales
Biblionumber 49442
Itemnumber 60183
Parte(s) relacionada(s) / Volumen., número. (mes año), páginas Volumen 11. Número 2 (1993), páginas 6
Enumeración y primera página Página 6
942 ## - TIPO DE MATERIAL (KOHA)
Tipo de Item KOHA Artículos de Revista
945 ## - INFORMACIÓN LOCAL DEL REGISTRO
Catalogador JTF-925

No hay ítems disponibles.

Biblioteca FUSBC | Teléfono: (57+4) 349 88 10 Ext. 141| WhatsApp (+57) 3005338115 
E-mail: biblioteca@unisbc.edu.co | Calle 76 87-14 Robledo Palenque, Medellín, Colombia

Con tecnología Koha